Made to measure (Record no. 68142)

MARC details
000 -LEADER
fixed length control field 01189cam a2200241 4500
001 - CONTROL NUMBER
control field ABS64333
008 - FIXED-LENGTH DATA ELEMENTS--GENERAL INFORMATION
fixed length control field 010903n2001 000 0 eng u
035 ## - SYSTEM CONTROL NUMBER
System control number (Sirsi) u114413
100 ## - MAIN ENTRY--PERSONAL NAME
Personal name Chowdery, M
245 ## - TITLE STATEMENT
Title Made to measure
260 ## - PUBLICATION, DISTRIBUTION, ETC.
Date of publication, distribution, etc. 2001
490 ## - SERIES STATEMENT
Series statement HouseBuilder
Volume/sequential designation 60(7) August 2001, 33-34(2)
520 ## - SUMMARY, ETC.
Summary, etc. Examines the results of benchmarking the first series of Housing Forum Demonstation Projects, which, on the whole, outperform the general industry, except in the area of profitability. Explains that the private sector should study the results of the Housing Forum's adoption of "Rethinking Construction" principles as they are proving to provide a better product with fewer defects and a better safety record. May 2001 edition of the Housing Forum Demonstration Project reports is available at http://www.thehousingforum.org.uk. Hard copies available on request.
590 ## - LOCAL NOTE (RLIN)
Local note ABS
650 ## - SUBJECT ADDED ENTRY--TOPICAL TERM
Topical term or geographic name entry element HOUSING FORUM
650 ## - SUBJECT ADDED ENTRY--TOPICAL TERM
Topical term or geographic name entry element HOUSING FORUM DEMONSTRATION PROJECTS
650 ## - SUBJECT ADDED ENTRY--TOPICAL TERM
Topical term or geographic name entry element HOUSING DEVELOPMENTS
650 ## - SUBJECT ADDED ENTRY--TOPICAL TERM
Topical term or geographic name entry element BENCHMARKING
650 ## - SUBJECT ADDED ENTRY--TOPICAL TERM
Topical term or geographic name entry element EGAN REFORMS
650 ## - SUBJECT ADDED ENTRY--TOPICAL TERM
Topical term or geographic name entry element KEY PERFORMANCE INDICATORS
690 ## - LOCAL SUBJECT ADDED ENTRY--TOPICAL TERM (OCLC, RLIN)
Topical term or geographic name as entry element BUILDING AND CONSTRUCTION-PROJECTS
942 ## - ADDED ENTRY ELEMENTS (KOHA)
Suppress in OPAC 0
Holdings
Withdrawn status Lost status Source of classification or shelving scheme Damaged status Not for loan Home library Current library Shelving location Date acquired Total Checkouts Full call number Barcode Date last seen Copy number Price effective from Koha item type
    Dewey Decimal Classification     London London Journal article 03/09/2001   ABS64333 114413-1001 06/08/2019 1 06/08/2019 Journal article